An overview of business reporting

Bibliographic Details
Corporate Author: Institut Penilaian Negara
Format: Book
Published: Bangi : Institut Penilaian Negara , n.d

MARC

LEADER 00000cam a2200000 7i4500
001 0000004877
005 20220218.0
040 |a INS 
090 0 0 |a VCD 1177 
245 0 3 |a An overview of business reporting   |c by Mr. Sivaselvam (Business Times) [  |h video disc] 
260 |a Bangi :   |b Institut Penilaian Negara ,   |c n.d 
300 |a 1 videodisc (89 min.) :   |b sd. col. ;   |c 4 3/4 in. 
710 1 |a Institut Penilaian Negara 
999 |a VCD0001177   |b VIDEO CD   |c Media Collection   |e Default branch